| 000 | 01336cad a22001935a 4500 | ||
|---|---|---|---|
| 001 | L152754 | ||
| 008 | 110419s2011 xxk f 000 0 eng d | ||
| 035 | _a(Sirsi) u152754 | ||
| 041 | 0 | _aeng | |
| 110 | 2 |
_aUnited Kingdom _bDepartment for Environment Food and Rural Affairs |
|
| 245 | 0 | 0 |
_aAttitudes and knowledge relating to biodiversity and the natural environment _b2007-2011 _h[electronic resource] |
| 260 |
_aLondon _bDEFRA _c2011 |
||
| 520 | _aProvides survey results on attitudes and knowledge related to biodiversity and the natural environment from 2007 to 2011. The results are based on 1 769 face to face interviews in England conducted in late March 2011, and similar surveys conducted in earlier years. Key results include that in 2011 92% of respondents said it was fairly or very important for them to have public gardens, parks, commons or other green spaces nearby and fifty-six per cent of respondents said they used public gardens parks, commons or other green spaces at least once a week. | ||
| 590 | _aKA NTK | ||
| 651 | 4 |
_aEngland _y886- |
|
| 690 | _aENVIRONMENTAL AND LAND CONSULTANCY-ENVIRONMENTAL MANAGEMENT-ENVIRONMENTAL CONSERVATION | ||
| 856 | 4 | 0 |
_uhttps://www.defra.gov.uk/statistics/files/Statistical-Release-13-April-2011-biodiversity1.pdf _zView the item free of charge at www.defra.gov.uk |
| 942 | _n0 | ||
| 999 |
_c112202 _d112202 |
||